| 000 | 01717nam a2200457 i 4500 | ||
|---|---|---|---|
| 001 | 20647 | ||
| 003 | CZ PrNK | ||
| 005 | 20260128143913.0 | ||
| 007 | ta | ||
| 008 | 231023s2023 xr e 000 f cze | ||
| 015 | _acnb003396328 | ||
| 020 |
_a9788027704705 _q(brožováno) |
||
| 035 | _a(OCoLC)1420607639 | ||
| 040 |
_aABG001 _bcze _dABA001 _erda |
||
| 041 | 1 |
_acze _heng |
|
| 072 | 7 |
_a821.111-3 _xAnglická próza, anglicky psaná _2Konspekt |
|
| 080 |
_a821.111-31 _2MRF |
||
| 080 |
_a(0:82-993) _2MRF |
||
| 100 | 1 |
_aKent, Rina, _d1991- _4aut |
|
| 240 | 1 | 0 |
_aTwisted kingdom. _lČesky |
| 245 | 1 | 0 |
_aZvrácené království / _cRina Kent ; přeložila Šárka Králíková |
| 264 | 1 |
_aPraha : _bDobrovský s.r.o., _c2023 |
|
| 300 |
_a312 stran ; _c20 cm |
||
| 336 |
_atext _btxt _2rdacontent |
||
| 337 |
_abez média _bn _2rdamedia |
||
| 338 |
_asvazek _bnc _2rdacarrier |
||
| 490 | 1 | _aRed | |
| 500 | _aPřeloženo z angličtiny | ||
| 520 | 2 |
_aPokračování temné erotické romance o středoškolském tyranovi. _bZvrácené království je třetím dílem série Royal Elite - temné romance o středoškolském tyranovi. Aiden není žádný kladný hrdina, ale pořádný padouch. I když pro Elsu by zbořil celý svět. V tomto díle se odkrývá temná a šokující minulost hlavních postav. |
|
| 653 | 0 | _aliteratura new adult | |
| 655 | 7 |
_aanglické romány _2czenas |
|
| 655 | 7 |
_aerotické romány _2czenas |
|
| 655 | 9 |
_aEnglish fiction _2eczenas |
|
| 655 | 9 |
_aerotic novels _2eczenas |
|
| 700 | 1 |
_aKrálíková, Šárka _4trl |
|
| 787 | 0 | 8 |
_iZ cyklu: _tRoyal elite _g3 |
| 830 | 0 | _aRed | |
| 901 |
_b9788027704705 _f[1. vydání] _o20240117 |
||
| 910 | _aABA001 | ||
| 942 |
_2ddc _cKLDO _n0 |
||
| 999 |
_c20647 _d20647 |
||